Anggun nan Tungga Magek Djabang dengan Puti Gondoriah / (Record no. 62155)

MARC details
000 -LEADER
fixed length control field 00673cam a22002291a 4500
001 - CONTROL NUMBER
control field sa 65001674
003 - CONTROL NUMBER IDENTIFIER
control field DLC
005 - DATE AND TIME OF LATEST TRANSACTION
control field 20260227112110.0
008 - FIXED-LENGTH DATA ELEMENTS--GENERAL INFORMATION
fixed length control field 950303s1962 io 000 0 min
010 ## - LIBRARY OF CONGRESS CONTROL NUMBER
LC control number sa 65001674
035 ## - SYSTEM CONTROL NUMBER
System control number (OCoLC)32083900
040 ## - CATALOGING SOURCE
Original cataloging agency DLC
Transcribing agency WU
Modifying agency DLC
042 ## - AUTHENTICATION CODE
Authentication code premarc
050 00 - LIBRARY OF CONGRESS CALL NUMBER
Classification number PL5415.9.M3
Item number A83
100 1# - MAIN ENTRY--PERSONAL NAME
Personal name Mahkota, Ambas.
245 10 - TITLE STATEMENT
Title Anggun nan Tungga Magek Djabang dengan Puti Gondoriah /
Statement of responsibility, etc. disusun oleh Ambas Mahkota dengan bantuan A. Damhoeri.
260 ## - PUBLICATION, DISTRIBUTION, ETC.
Place of publication, distribution, etc. Bukittinggi :
Name of publisher, distributor, etc. Pustaka Indonesia,
Date of publication, distribution, etc. [1962?]
300 ## - PHYSICAL DESCRIPTION
Extent 167 p. ;
Dimensions 18 cm.
546 ## - LANGUAGE NOTE
Language note In Minangkabau.
500 ## - GENERAL NOTE
General note No more published.
700 1# - ADDED ENTRY--PERSONAL NAME
Personal name Damhoeri, A.

No items available.

Powered by Koha